000 00468nam a2200181Ia 4500
008 151018s9999 xx 000 0 und d
082 _bRBASDV26113
_a891.463
100 _aअनुराधा
245 _aघातकी
250 _b1
260 _bचंद्रमौळी
_c1995
300 _a188
600 _aअनुराधा
630 _aघातकी
700 _aअनुराधा
730 _aघातकी
942 _cBOOK
999 _c1025721
_d1025718